000 00300nam a22001337a 4500
008 170303b xxu||||| |||| 00| 0 eng d
020 _a9781930513501
041 _aeng
080 _a575
100 _a6
101 _aSHM
245 _aCASE STUDIES GENES AND DISEASE
_cBERGERON .B
942 _2udc
_cBK
999 _c6754
_d6754